000 00502nam a2200181 4500
001 23990
005 20230410115556.0
008 060907n2004 dr spa
020 _a0881323659
035 _9funglode24164
041 _aEN
050 1 4 _aHF 1411 C641t 2004
100 _aCline, William R.
245 1 _aTrade policy and global poverty /
_cWilliam R. Cline
260 _aWashington :
_bInstitute for International Economics,
_c2004
300 _axvii, 317 p.
942 _2lcc
_cbk
999 _c43925
_d43925